Zalacaín el aventurero : (Registro nro. 11000)

Detalles MARC
000 -LIDER
fixed length control field 01095nam a22002897a 4500
001 - NÚMERO DE CONTROL
Identificador de número de control 000413
003 - IDENTIFICACDOR DE NÚMERO DE CONTROL
control field DO-SdBNP
005 - DATE AND TIME OF LATEST TRANSACTION
control field 20180207110720.0
007 - CAMPOS FIJOS DE DESCRIPCIÓN FÍSICA
fixed length control field 000413
008 - ELEMENTOS DE LONGITUD FIJA
fixed length control field 160721b 1999 sp a ||||| |||| 00| 0 spa d
020 ## - ISBN
International Standard Book Number 8431635177
040 ## - FUENTE DE CATALOGACIÓN
Agencia que crea de manera original el registro BPMSU
Idioma de catalogación spa
Agencia que realiza la transcripción BPMSU
092 ## - LOCALLY ASSIGNED DEWEY DECIMAL CALL NUMBER
Número de clasificación xxxxx
Número de ítem (Cutter) xxxxx
100 1# - ASIENTO PRINCIPAL -- NOMBRE PERSONAL
Nombre personal Baroja, Pío,
Fechas asociadas con el nombre 1872-1956.
245 10 - MENCIÓN DE TITULO
Título Zalacaín el aventurero :
Subtítulo historia de las buenas andanzas y fortunas de Martín Zalacaín el aventurero /
Mención de responsabilidad Pío Baroja ; introducción notas y propuestas de trabajo Joan Estruch ; ilustración, Ricardo Baroja.
250 ## - MENCIÓN DE EDICION
Mención de edición 4ª reimp.
260 ## - PUBLICACIÓN, DISTRIBUCIÓN, ETC. (PIE DE IMPRENTA)
Lugar de publicación, distribución, etc Barcelona :
Nombre del editor, distribuidor, etc. Vicens Vives,
Fecha de publicación, distribución, etc 1999.
300 ## - DESCRIPCIÓN FÍSICA
Extensión xxxviii, 201, 29 p. :
Otros detalles físicos il., retrs. ;
Dimensiones 20 cm.
490 1# - MENCIÓN DE SERIES
Mención de serie Aula de literatura
Volume/sequential designation 22
500 ## - NOTA GENERAL
Nota general Incluye referencias bibliográficas y notas al pie de las páginas.
700 12 - ASIENTO SECUNDARIO -- NOMBRE PERSONAL
Nombre personal Estruch Tobella, Joan,
Fechas asociadas con el nombre 1953-
Mención de responsabilidad introd.
700 12 - ASIENTO SECUNDARIO -- NOMBRE PERSONAL
Nombre personal Baroja, Ricardo,
Fechas asociadas con el nombre 1871-1953
Mención de responsabilidad il.
830 #0 - ASIENTO SECUNDARIO DE SERIE--TÍTULO UNIFORME
Título uniforme Aula de literatura ;
Volume number/sequential designation 22
942 ## - ADDED ENTRY ELEMENTS (KOHA)
Source of classification or shelving scheme Dewey Decimal Classification
Koha item type Libros
945 ## - INFORMACIÓN DE PROCESAMIENTO LOCAL
Información de procesamiento local inventariado, 2018 / dg
956 ## - LOCAL ELECTRONIC LOCATION AND ACCESS (OCLC)
Método de acceso LOPEREZ
Materiales especificados 10
Enlace 20160721
Campo enlazado y núm. de secuencia BPMSU
Nombre de host 00041
Existencias
Withdrawn status Lost status Source of classification or shelving scheme Damaged status Not for loan Home library Current library Date acquired Source of acquisition Total Checkouts Barcode Date last seen Price effective from Koha item type
    Dewey Decimal Classification     Biblioteca Pública Metropolitana Salomé Ureña Biblioteca Pública Metropolitana Salomé Ureña 07/21/2016 FUNDI   BPMSU16070620 07/21/2016 07/21/2016 Libros